Traditions of the Caddo /
Explores the traditions and practices of the Caddo Indians, discussing the tribe's horticultural practices, village life, family and social relationships, connection to nature, and ceremonies.
Saved in:
| Main Author: | |
|---|---|
| Format: | Book |
| Language: | English |
| Published: |
Lincoln :
University of Nebraska Press,
c1997.
|
| Series: | Sources of American Indian oral literature.
|
| Subjects: | |
| Tags: |
Add Tag
No Tags, Be the first to tag this record!
|
| LEADER | 01524pam a2200325 a 4500 | ||
|---|---|---|---|
| 001 | 007711645-3 | ||
| 005 | 20090713015425.0 | ||
| 008 | 970730r19971905nbua b s000 0 eng | ||
| 010 | |a 97030481 | ||
| 020 | |a 0803266022 (pbk. : alk. paper) | ||
| 035 | 0 | |a ocm37451794 | |
| 040 | |a DLC |c DLC |d DLC | ||
| 043 | |a n-us-la | ||
| 050 | 0 | 0 | |a E99.C12 |b D7 1997 |
| 082 | 0 | 0 | |a 398.2/089979 |2 21 |
| 100 | 1 | |a Dorsey, George A. |q (George Amos), |d 1868-1931. | |
| 245 | 1 | 0 | |a Traditions of the Caddo / |c [collected by] George A. Dorsey ; introduction by Wallace L. Chafe. |
| 260 | |a Lincoln : |b University of Nebraska Press, |c c1997. | ||
| 300 | |a xxiv, 136 p. : |b ill. ; |c 23 cm. | ||
| 490 | 1 | |a Sources of American Indian oral literature | |
| 500 | |a Originally published: Washington, D.C. : Carnegie Institution of Washington, 1905, in series: Carnegie Institution of Washington publication ; no. 41. | ||
| 504 | |a Includes bibliographical references (p. xxii-xxiv). | ||
| 520 | |a Explores the traditions and practices of the Caddo Indians, discussing the tribe's horticultural practices, village life, family and social relationships, connection to nature, and ceremonies. | ||
| 650 | 0 | |a Caddo Indians |x Folklore. | |
| 650 | 0 | |a Caddo mythology. | |
| 655 | 7 | |a Folklore. |2 fast | |
| 776 | 0 | 8 | |i Online version: |a Dorsey, George A. (George Amos), 1868-1931. |t Traditions of the Caddo. |d Lincoln : University of Nebraska Press, ©1997 |w (OCoLC)619551993 |
| 830 | 0 | |a Sources of American Indian oral literature. | |
| 988 | |a 20020608 | ||
| 906 | |0 DLC | ||


